000 00250 a2200085 4500
020 _a9781604693126
100 _a Karla Dakin, Lisa Lee Benjamin and Mindy Pantiel
245 _aThe Professional Design Guide to Green Roofs
260 _bTimber Press
_c2013
999 _c13297
_d13297